000 00601nam a2200181Ia 4500
008 100917s9999 xx 000 0 und d
082 _b21987
100 _aलाला आर. एम.
245 _aस्पंदने एका न्यासाची
260 _bश्रीविद्या प्रकाशन
_c1984
300 _a184
365 _b30
520 _aचरित्र
630 _aस्पंदने एका न्यासाची
650 _aचरित्र
730 _aस्पंदने एका न्यासाची
942 _cBOOK
999 _c627381
_d627378